| 000 | 01059nam a2200229 a 4500 | ||
|---|---|---|---|
| 001 | 71099 | ||
| 003 | BD-RjUL | ||
| 005 | 20211209082058.0 | ||
| 008 | 170426r19891988ii ||||| b||| 001 0 ben d | ||
| 035 | _a(BD-RjUL)71314 | ||
| 040 |
_aBD-RjUL _beng _cBD-RjUL |
||
| 041 | _aeng | ||
| 082 |
_223 _a954.9042 _bBOJ 1989 |
||
| 100 |
_aবন্দ্যোপাধ্যায়, শৈলেশকুমার _9210359 |
||
| 245 |
_aজিন্না : পাকিস্তান : _bনতুন ভাবনা / _cশৈলেশকুমার বন্দ্যোপাধ্যায় |
||
| 260 |
_aকলকাতা : _bমিত্র ও ঘোষ, _c১৯৮৯. |
||
| 300 |
_a[১৬] ৩৯৯ পৃ. ; _c২০ সেমি. |
||
| 504 | _aগ্রন্থপঞ্জি ও নির্ঘন্ট সংযুক্ত | ||
| 650 |
_aমোহাম্মদ আলী জিন্নাহ _xপ্রশাসন _z১৯৪৮-১৯৫৮ _9210360 |
||
| 650 |
_aMohamed Ali Jinnah _xAdministration _y1948-1958 _9210361 |
||
| 942 |
_2ddc _cBK |
||
| 999 |
_c71099 _d71099 |
||